[Event "Mechanics' Summer TNM; G/2"]
[Site "San Francisco"]
[Date "2015.07.07"]
[Round "7.6"]
[White "Shaw, Tenzing W"]
[Black "Newey, Richard H"]
[Result "1-0"]
[WhiteElo "2273"]
[BlackElo "1795"]
[PlyCount "69"]
[EventDate "2015.??.??"]

1. d4 d5 2. c4 e6 3. Nc3 Nf6 4. cxd5 exd5 5. Bg5 Be7 6. Qc2 c6 7. e3 Bg4 8. Bd3
Nbd7 9. f3 Bh5 10. Nge2 Bg6 11. e4 dxe4 12. fxe4 Ng4 13. Bf4 c5 14. Rd1 O-O 15.
h3 cxd4 16. hxg4 dxc3 17. Bb5 Qa5 18. Bxd7 cxb2+ 19. Bd2 Qxa2 20. Nc3 Qa3 21.
Rh3 Qc5 22. Be3 Qb4 23. Kf2 Rfd8 24. Rhh1 Bf6 25. Nd5 Qxe4 26. Nxf6+ gxf6 27.
Qxb2 Qc2+ 28. Qxc2 Bxc2 29. Rd2 a5 30. Bb6 a4 31. Bxd8 Rxd8 32. Rxc2 Rxd7 33.
Rb1 Kg7 34. Rb4 b5 35. Rxb5 1-0

[Event "Mechanics' Summer TNM; G/2"]
[Site "San Francisco"]
[Date "2015.06.23"]
[Round "5.2"]
[White "Shaw, Tenzing W"]
[Black "Zhao, Art"]
[Result "1/2-1/2"]
[WhiteElo "2273"]
[BlackElo "2208"]
[PlyCount "65"]
[EventDate "2015.??.??"]

1. d4 d5 2. c4 c6 3. Nc3 Nf6 4. e3 g6 5. Nf3 Bg7 6. Be2 O-O 7. O-O Nbd7 8. a4
b6 9. Qb3 Bb7 10. a5 Rb8 11. cxd5 cxd5 12. a6 Bc6 13. Bb5 Ba8 14. Bd2 Ne4 15.
Rfd1 Nxd2 16. Rxd2 Nf6 17. Rc2 Ne8 18. Rac1 Nd6 19. Ne5 Rc8 20. Be2 e6 21. Nb5
Rxc2 22. Qxc2 Nxb5 23. Bxb5 Bxe5 24. dxe5 d4 25. e4 Qg5 26. Bd3 Qxe5 27. Qc7
Qa5 28. Rd1 Qa4 29. Rc1 Qb4 30. Qc2 Qa5 31. Qc4 e5 32. b4 Qa3 33. b5 1/2-1/2

[Event "Mechanics' Leighton Allen TNM; G/2"]
[Site "San Francisco"]
[Date "2015.08.18"]
[Round "3.15"]
[White "Sherwood, Peter"]
[Black "Alvarez, Gil"]
[Result "0-1"]
[WhiteElo "1633"]
[BlackElo "2003"]
[PlyCount "94"]
[EventDate "2015.??.??"]

1. e4 e5 2. Nf3 Nf6 3. Nxe5 d6 4. Nf3 Nxe4 5. Be2 Be7 6. O-O O-O 7. d3 Nf6 8.
Nc3 d5 9. d4 Bf5 10. Bd3 Bg4 11. Be2 Nbd7 12. Bf4 c6 13. Qd3 Bh5 14. Qd2 Bb4
15. Qd1 Bxc3 16. bxc3 b5 17. a4 a6 18. axb5 axb5 19. Qd3 Bg6 20. Qd1 Rxa1 21.
Qxa1 Bxc2 22. Qb2 Bg6 23. Ra1 Ne4 24. Ra6 Qc8 25. Ra7 Nb6 26. Bd1 Qf5 27. Bc7
Nc4 28. Qc1 Re8 29. Ra6 Qd7 30. Bf4 Qb7 31. Ra2 Ra8 32. Rxa8+ Qxa8 33. Bd2 Qa2
34. Be1 h6 35. h3 f6 36. Kh2 Qa3 37. Qxa3 Nxa3 38. Ng1 Nb1 39. Ne2 Kf7 40. f3
Nd6 41. Nf4 Bh7 42. Kg3 g5 43. Ne2 Na3 44. h4 gxh4+ 45. Kxh4 Nf5+ 46. Kh5 $2
Bg6+ 47. Kg4 Ne3+ 0-1

[Event "Mechanics' Winter TNM; 30/90, SD/30"]
[Site "San Francisco"]
[Date "2015.01.06"]
[Round "1.4"]
[White "Sherwood, Peter"]
[Black "Byambaa, Uyanga"]
[Result "0-1"]
[WhiteElo "1669"]
[BlackElo "2242"]
[Annotator "Donaldson"]
[PlyCount "62"]
[EventDate "2015.??.??"]

1. e4 c5 2. Nf3 d6 3. d4 cxd4 4. Nxd4 Nf6 5. Nc3 g6 6. Be3 Bg7 7. f3 O-O 8. Bc4
Nc6 9. Qd2 Bd7 10. O-O-O Rc8 11. Bb3 Ne5 12. Qe2 $6 {This temporarily stops
Black's plan of ...Ne5-c4 but at at a great cost - the plan of Bh6 and h4-h5
no longer works.} ({The prophylactic} 12. Kb1 {and}) (12. h4 {
are the main moves here with}) (12. g4 {a distant third choice.}) 12... a6 13.
f4 Nc6 (13... Neg4 {was more challenging.}) 14. h3 (14. Nxc6 Bxc6 15. e5 Ne4
16. Nd5 {is a more direct approach.}) 14... b5 15. Qd3 (15. e5 {
was more active with the point that} dxe5 $2 16. Nxc6 Rxc6 17. fxe5 Nh5 18. Qd3
{wins a piece.}) 15... Nxd4 16. Bxd4 b4 17. Nd5 $2 (17. Bxf6 {
was the last chance.} bxc3 (17... Bxf6 $2 18. Nd5 Bg7 19. Qxa6 {
wins a safe pawn.}) 18. Bxg7 Kxg7 19. bxc3 Qa5 {with equal chances.}) 17...
Nxd5 18. Bxd5 (18. exd5 Bb5 {followed by ...a6-a5-a4 coming up as in the game.}
) 18... Bb5 19. Qe3 Qc7 20. Rd2 Bxd4 21. Qxd4 e6 22. Bb3 a5 $1 {
White has no effective way to meet this counterattack.} 23. a4 bxa3 24. bxa3 a4
25. Bxa4 $2 (25. Ba2 {would have allowed White to continue to fight.}) 25...
Bxa4 26. Qxa4 Qc3 27. Qd4 Qxa3+ 28. Qb2 Qe3 29. Rf1 Ra8 30. f5 Rfb8 31. Qd4
Qxd4 0-1

[Event "Mechanics' Summer TNM; G/2"]
[Site "San Francisco"]
[Date "2015.06.23"]
[Round "5.30"]
[White "Sherwood, Peter"]
[Black "Chea, Na"]
[Result "1-0"]
[WhiteElo "1698"]
[BlackElo "1630"]
[PlyCount "103"]
[EventDate "2015.??.??"]

1. e4 c6 2. d4 d5 3. Nc3 Nf6 4. e5 Nfd7 5. f4 e6 6. Nf3 c5 7. Be3 cxd4 8. Nxd4
Nc6 9. Nxc6 bxc6 10. Bd3 Nc5 11. Be2 Be7 12. O-O O-O 13. a3 Bb7 14. Bg4 Qc7 15.
Qe1 g6 16. Qf2 Nd7 17. Qg3 Kh8 18. Ne2 c5 19. c3 Nb6 20. b3 a5 21. Rad1 a4 22.
b4 Nc4 23. Bc1 Rfc8 24. Kh1 Qb6 25. Bf3 Rc7 26. Ng1 Rac8 27. Be2 cxb4 28. cxb4
Rc6 29. Nh3 Qd8 30. Ng1 R6c7 31. Qf2 Ba6 32. Nf3 Bb5 33. Nd4 Ba6 34. Bd3 Ra8
35. Rfe1 Nb6 36. Be3 Bxd3 37. Rxd3 Nc4 38. Rc1 Qd7 39. Rdc3 Rac8 40. h3 Nxa3
41. Rxc7 Rxc7 42. Rxc7 Qxc7 43. Qb2 Nc4 44. Qc3 Qb7 45. Nc2 Nxe3 46. Qxe3 Bxb4
47. Nxb4 Qxb4 48. Qc1 Qc4 49. Qa3 Qf1+ 50. Kh2 Qxf4+ 51. Kg1 Qxe5 52. Qf8# 1-0

[Event "Mechanics' Summer TNM; G/2"]
[Site "San Francisco"]
[Date "2015.07.07"]
[Round "7.20"]
[White "Sherwood, Peter"]
[Black "Cole, Tony"]
[Result "1-0"]
[WhiteElo "1698"]
[BlackElo "1460"]
[PlyCount "127"]
[EventDate "2015.??.??"]

1. e4 e5 2. Nf3 Nc6 3. Bb5 Nge7 4. O-O d6 5. h3 a6 6. Be2 h6 7. c3 g5 8. d4 Ng6
9. dxe5 Ncxe5 10. Nxe5 Nxe5 11. Nd2 Rg8 12. Nf3 Ng6 13. Nd4 Ne5 14. Nf5 Bxf5
15. exf5 Qf6 16. Qa4+ c6 17. Qe4 O-O-O 18. f4 gxf4 19. Bxf4 Qh4 20. Qe3 Nd7 21.
Kh2 Be7 22. Rae1 Kb8 23. Bc4 Ne5 24. Bxe5 dxe5 25. Bxf7 Rgf8 26. Bg6 Bd6 27.
Qe4 Qg5 28. Re2 h5 29. h4 Qh6 30. Kh3 Rg8 31. Qe3 Qh8 32. Qe4 Qg7 33. Qf3 e4
34. Rxe4 Qc7 35. Rfe1 Rdf8 36. Re8+ Ka7 37. Rxf8 Rxf8 38. Qxh5 Qg7 39. Qg4 c5
40. Re6 Bc7 41. Qe4 Rc8 42. Re7 Qh6 43. f6 Qc1 44. g3 Qf1+ 45. Kh2 Qxf6 46. Bf5
Qd6 47. Rg7 Rh8 48. Bh3 Qd2+ 49. Bg2 Rxh4+ 50. Qxh4 Kb6 51. Rxc7 Kxc7 52. Qf4+
Qxf4 53. gxf4 b6 54. Kg3 Kd7 55. Kg4 Ke6 56. Kg5 Kf7 57. Kf5 a5 58. Bd5+ Ke7
59. Kg6 Kf8 60. Kf6 b5 61. f5 a4 62. Bc6 b4 63. cxb4 cxb4 64. Bxa4 1-0

[Event "Mechanics' Spring TNM; G/2"]
[Site "San Francisco"]
[Date "2015.03.24"]
[Round "2.8"]
[White "Sherwood, Peter"]
[Black "Doyle, Bryon"]
[Result "0-1"]
[WhiteElo "1669"]
[BlackElo "2158"]
[PlyCount "112"]
[EventDate "2015.??.??"]

1. e4 e5 2. Nf3 Nc6 3. Bb5 a6 4. Ba4 Nf6 5. O-O Be7 6. Re1 b5 7. Bb3 O-O 8. h3
Bb7 9. d3 d6 10. a3 Kh8 11. Nbd2 Nd7 12. Nf1 f5 13. exf5 Nc5 14. Bd5 Rxf5 15.
Ng3 Rf8 16. Ne4 Nd4 17. Nxd4 Bxd5 18. Nf3 Ne6 19. Be3 Nf4 20. Bxf4 Rxf4 21. Re3
Qd7 22. Nfg5 Qf5 23. Nf3 Rf8 24. Qe2 Qg6 25. Kh2 Bb7 26. Ng3 Qf7 27. Rf1 Bxf3
28. Rxf3 Rxf3 29. Qxf3 Qxf3 30. gxf3 Rxf3 31. Kg2 Rf7 32. Re1 g6 33. b3 c6 34.
a4 Kg7 35. axb5 axb5 36. Ra1 d5 37. Ra6 Rf6 38. Ra7 Kf8 39. Ra8+ Kf7 40. f3 Ke6
41. Ne2 Kd6 42. Ra7 Ke6 43. Ra6 Kf5 44. Ra7 Rf7 45. Rc7 c5 46. Rb7 b4 47. Rd7
Ke6 48. Ra7 h5 49. Ra6+ Bd6 50. Kg3 e4+ 51. Nf4+ Rxf4 52. Rxd6+ Kxd6 53. Kxf4
exf3 54. Kxf3 g5 55. Ke2 Ke5 56. Ke3 g4 0-1

[Event "Mechanics' Leighton Allen TNM; G/2"]
[Site "San Francisco"]
[Date "2015.09.01"]
[Round "5.31"]
[White "Sherwood, Peter"]
[Black "Frank, Robert H"]
[Result "1-0"]
[WhiteElo "1633"]
[BlackElo "1300"]
[PlyCount "47"]
[EventDate "2015.??.??"]

1. e4 e5 2. Nf3 Nf6 3. d4 exd4 4. e5 Nd5 5. Qxd4 Ne7 6. Bc4 d5 7. exd6 Qxd6 8.
Qxd6 cxd6 9. O-O Be6 10. Bd3 d5 11. Nc3 Nbc6 12. a3 d4 13. Ne4 Nf5 14. Bf4 Be7
15. Rfe1 O-O 16. Re2 Rad8 17. Rae1 f6 18. Ned2 Bc8 19. Nb3 Bd6 20. Bxd6 Rxd6
21. h3 Bd7 22. Nc5 Nh6 23. Nxb7 Rd5 24. Bc4 1-0

[Event "Mechanics' Winter TNM; 30/90, SD/30"]
[Site "San Francisco"]
[Date "2015.02.24"]
[Round "8.19"]
[White "Sherwood, Peter"]
[Black "Gupta, Vishrut"]
[Result "0-1"]
[WhiteElo "1669"]
[BlackElo "1547"]
[Annotator "Donaldson"]
[PlyCount "36"]
[EventDate "2015.??.??"]

1. e4 e5 2. Nf3 Nc6 3. Bb5 Bc5 4. O-O d6 5. h3 Nge7 6. c3 O-O 7. d4 Bb6 8. d5 {
This gains space but really brings Black's bishop on b6 into play.} Nb8 9. Be3
Nd7 10. Nbd2 f5 11. Bg5 $6 (11. Ng5) 11... Nf6 12. Bxf6 Rxf6 13. Ba4 $6 f4 (
13... Ng6) 14. Nh2 Rg6 15. Qf3 $4 {Diagram #} Rg3 $1 16. Qh5 Bxh3 17. Nhf3 Bxg2
18. Ng5 Bf3+ 0-1

[Event "Mechanics' Spring TNM; G/2"]
[Site "San Francisco"]
[Date "2015.04.07"]
[Round "4.34"]
[White "Sherwood, Peter"]
[Black "Harris, Clarence"]
[Result "0-1"]
[WhiteElo "1669"]
[BlackElo "1467"]
[PlyCount "150"]
[EventDate "2015.??.??"]

1. e4 e5 2. Nf3 Nc6 3. Bb5 a6 4. Ba4 Nf6 5. O-O Be7 6. Re1 b5 7. Bb3 O-O 8. d3
d5 9. exd5 Nxd5 10. Nxe5 Nxe5 11. Rxe5 c6 12. Nd2 Bd6 13. Re1 Nf6 14. Nf1 Qc7
15. h3 Bd7 16. Bg5 Nd5 17. Qf3 Bf4 18. Bxf4 Nxf4 19. Re4 Ne6 20. Rae1 Ng5 21.
Qf4 Qxf4 22. Rxf4 Bxh3 23. Re7 Be6 24. Nd2 a5 25. Ne4 Nxe4 26. Bxe6 Ng5 27. Bg4
Rae8 28. Rxe8 Rxe8 29. Kf1 Re7 30. Rf5 Ne6 31. Re5 Kf8 32. Bxe6 Rxe6 33. Rxe6
fxe6 34. Ke2 Ke7 35. Ke3 e5 36. Ke4 Ke6 37. d4 exd4 38. Kxd4 Kd6 39. Ke4 Ke6
40. c4 bxc4 41. Kd4 c3 42. Kxc3 Kd5 43. Kb3 Kc5 44. Kc3 Kb5 45. Kd4 Kb4 46. f4
c5+ 47. Ke5 a4 48. f5 a3 49. b3 Kc3 50. Ke6 Kb2 51. Kf7 Kxa2 52. Kxg7 Kxb3 53.
f6 a2 54. f7 a1=Q+ 55. Kg8 Qf1 56. g4 Qxf7+ 57. Kxf7 c4 58. Kg7 c3 59. Kxh7 c2
60. g5 c1=Q 61. g6 Qh1+ 62. Kg8 Qd5+ 63. Kh7 Qh5+ 64. Kg7 Kc4 65. Kf6 Qh4+ 66.
Kf7 Qh5 67. Kf6 Qf3+ 68. Ke7 Qe4+ 69. Kf7 Qf5+ 70. Kg7 Kd5 71. Kh6 Qf6 72. Kh7
Qh4+ 73. Kg8 Ke6 74. g7 Kf6 75. Kf8 Qh6 0-1

[Event "Mechanics' Spring TNM; G/2"]
[Site "San Francisco"]
[Date "2015.04.21"]
[Round "6.33"]
[White "Sherwood, Peter"]
[Black "James, Charles"]
[Result "1-0"]
[WhiteElo "1669"]
[BlackElo "1409"]
[PlyCount "139"]
[EventDate "2015.??.??"]

1. e4 e6 2. d4 d5 3. Nc3 Nf6 4. e5 Nfd7 5. f4 c5 6. Nf3 Nc6 7. Be3 a6 8. Be2
cxd4 9. Nxd4 Bc5 10. Qd2 O-O 11. Bg4 Qh4+ 12. g3 Qxg4 13. Nce2 Nxd4 14. Bxd4 f6
15. exf6 Bxd4 16. Qxd4 Nxf6 17. Qe3 Bd7 18. O-O-O Ne4 19. Rhf1 Bb5 20. Rfe1
Rac8 21. Nd4 Bd7 22. Nf3 Qf5 23. Nd4 Qf6 24. Nf3 Qf5 25. Nd4 Qg6 26. c3 Ba4 27.
Rd3 Nc5 28. Rd2 Ne4 29. Rd3 Bd7 30. Nf3 Nf2 31. Rd2 Ng4 32. Qe2 Rc4 33. Ne5
Nxe5 34. Qxe5 Rf5 35. Qb8+ Bc8 36. Rde2 Rf6 37. Re5 d4 38. R5e4 Qe8 39. Rxd4
Rxd4 40. cxd4 Qc6+ 41. Kb1 Rf8 42. Qe5 Bd7 43. Rc1 Qg2 44. Rc7 Qd5 45. Qxd5
exd5 46. Rxd7 Re8 47. Rxd5 Re2 48. Re5 Rxh2 49. Kc1 Rg2 50. Re3 Kf7 51. d5 Rh2
52. d6 Rh6 53. Re7+ Kf8 54. Rxb7 Rxd6 {draw offer} 55. Kc2 Rg6 56. Rb3 Kf7 57.
Kd2 Kf6 58. Rb6+ Kf5 59. Rxg6 Kxg6 60. b4 Kf5 61. Ke3 g5 62. fxg5 Kxg5 63. a4
Kg4 64. b5 axb5 65. axb5 Kxg3 66. b6 h5 67. b7 h4 68. b8=Q+ Kg2 69. Qg8+ Kh2
70. Kf2 1-0

[Event "Mechanics' Leighton Allen TNM; G/2"]
[Site "San Francisco"]
[Date "2015.09.15"]
[Round "7.15"]
[White "Sherwood, Peter"]
[Black "Macintyre, Brendan"]
[Result "1-0"]
[WhiteElo "1633"]
[BlackElo "1575"]
[Annotator "Donaldson"]
[PlyCount "79"]
[EventDate "2015.??.??"]

1. e4 c5 2. Nf3 Nc6 3. d4 cxd4 4. Nxd4 d6 5. Nc3 g6 6. Be3 Bg7 7. Qd2 h6 $2 {
This is a serious mistake. Black wants to preserve his king bishop from an
exchange via Bh6 but the price that is paid to accomplish this (no castling)
is too high.} 8. Bc4 Nf6 9. f3 Bd7 10. O-O-O Ne5 11. Bb3 Rc8 12. Kb1 Nc4 13.
Bxc4 Rxc4 14. g4 h5 15. g5 Nh7 16. Nde2 (16. Qd3 Qc8 17. f4 O-O 18. f5 {
was also quite strong.}) 16... Qa5 17. h4 Nf8 18. Bd4 $1 Ne6 19. Bxg7 Nxg7 20.
Nd4 Ne6 21. Nde2 (21. Nb3 Qd8 (21... Qa6 22. e5 $1) 22. f4 $16) 21... O-O 22.
Nd5 $1 Qd8 23. Nec3 (23. b3 Rc5 24. f4 $16) 23... Rd4 24. Qe3 Rxd1+ 25. Rxd1 b6
{Diagram #} 26. f4 (26. Nxe7+ $3 Qxe7 27. Nd5 Qd8 28. Nf6+ Kh8 29. Rxd6 $18)
26... Bc6 27. e5 (27. f5) 27... Bxd5 28. Nxd5 Kg7 29. Nc3 Qb8 30. exd6 exd6 31.
Nd5 Qb7 32. Qc3+ f6 33. Nxf6 Kf7 34. Nd5 Ke8 35. Qe3 Kf7 36. a3 Qc6 37. Qe4 Re8
38. f5 Nf8 39. fxg6+ Nxg6 40. Qf5+ 1-0

[Event "Mechanics' Spring TNM; G/2"]
[Site "San Francisco"]
[Date "2015.05.05"]
[Round "8.27"]
[White "Sherwood, Peter"]
[Black "Manivannan, Sanjayan"]
[Result "1-0"]
[WhiteElo "1669"]
[BlackElo "1507"]
[PlyCount "87"]
[EventDate "2015.??.??"]

1. e4 e5 2. Nf3 Nc6 3. Bb5 a6 4. Ba4 Nf6 5. O-O Bc5 6. c3 b5 7. Bc2 O-O 8. h3
d5 9. d4 exd4 10. cxd4 Be7 11. e5 Ne4 12. Nc3 Nxc3 13. bxc3 Na5 14. Qd3 g6 15.
Qe3 Re8 16. Re1 Nc4 17. Qf4 Be6 18. h4 h5 19. Ng5 Bxg5 20. Qxg5 Qxg5 21. Bxg5
a5 22. Reb1 Na3 23. Rc1 Nxc2 24. Rxc2 Bf5 25. Rb2 Rab8 26. Bd2 Rec8 27. a4 bxa4
28. Rxb8 Rxb8 29. Rxa4 Ra8 30. c4 Bc2 31. Rxa5 Rxa5 32. Bxa5 dxc4 33. Bxc7 Bd3
34. Ba5 Kf8 35. f3 Ke7 36. d5 f6 37. Bb4+ Kf7 38. e6+ Ke8 39. Kf2 c3 40. d6 c2
41. d7+ Kd8 42. Ba5+ Ke7 43. d8=Q+ Kxe6 44. Bd2 1-0

[Event "Mechanics' Fall TNM; G/2"]
[Site "San Francisco"]
[Date "2015.12.15"]
[Round "9.16"]
[White "Sherwood, Peter"]
[Black "Marcus, Joel"]
[Result "1-0"]
[WhiteElo "1633"]
[BlackElo "1904"]
[Annotator "Donaldson"]
[PlyCount "79"]
[EventDate "2015.??.??"]

1. e4 e5 2. Nf3 Nf6 3. Nxe5 d6 4. Nf3 Nxe4 5. d4 d5 6. Bd3 Nc6 7. O-O Be7 8. c4
Nf6 9. Nc3 Bg4 10. Be3 O-O 11. h3 Bh5 12. Re1 Qd7 13. b3 Bb4 14. Rc1 Ne4 $6 {
This loses; very natural but} (14... Rfe8 $15 {
bringing another piece into play was definitely stronger.}) 15. cxd5 Nxc3 16.
dxc6 Nxd1 17. cxd7 Bxf3 18. gxf3 Nxe3 19. Rxe3 {Diagram [#]} Bd2 $4 ({
Again a natural move but the supported passed pawn turns out to be a monster.} 
19... c6 $14 {or}) (19... Bd6 $14 {had to be played.}) 20. Rxc7 Bxe3 21. fxe3
Rab8 22. Be4 Rfd8 23. Bxb7 Kf8 24. Bc6 a6 25. Ra7 Rb6 26. d5 Ke7 27. e4 f6 28.
Kf2 Kd6 29. Ke3 g5 30. Kf2 Ke5 31. Ke3 h5 32. Rc7 Rbb8 33. Ba4 Kd6 34. Rc6+
Kxd7 35. Rxf6+ Ke7 36. Rxa6 Rd6 37. Bc6 Kf6 38. Kd4 Kg7 39. e5 Rdd8 40. Ra7+
1-0

[Event "Mechanics' Fall TNM; G/2"]
[Site "San Francisco"]
[Date "2015.10.27"]
[Round "2.31"]
[White "Sherwood, Peter"]
[Black "Mathrubootham, Gan"]
[Result "1/2-1/2"]
[WhiteElo "1633"]
[BlackElo "1346"]
[Annotator "Donaldson"]
[PlyCount "115"]
[EventDate "2015.??.??"]

1. e4 e6 2. d4 d5 3. Nc3 Nf6 4. e5 Nfd7 5. f4 c5 6. Nf3 Nc6 7. Be3 Qb6 8. Na4
Qa5+ 9. c3 cxd4 10. b4 Qc7 11. Nxd4 Nxd4 12. Bxd4 a6 13. Bd3 b5 14. Nb2 Be7 15.
O-O O-O 16. Qh5 (16. a4 $1 {
forces a weakness in Black's pawn structure and after} bxa4 17. Nxa4 {
White has a clear advantage. The text is also strong.}) 16... g6 17. Qh6 Re8
18. Rf3 (18. a4 $1 {with excellent play on both wings was another option.})
18... Bf8 19. Qg5 (19. Qh4 {looks more natural.}) 19... Bg7 (19... a5 $1) 20.
Rh3 (20. a4 $1) 20... Qd8 21. Qg3 (21. Qxd8 Rxd8 22. a4 $1) 21... Nf8 22. Rf1 (
22. a4) 22... Bd7 {
Now a2-a4 is not so effective as Black is not forced to capture on a4.} 23. Nd1
a5 24. a3 axb4 25. axb4 f6 26. Qf2 f5 27. Ne3 Re7 28. g4 (28. Nc2 {
with ideas like Bc5 and Nd4 was a promising alternative.}) 28... Rf7 29. gxf5
exf5 {The right way to capture with e6 now a strong square for Black's knight.}
30. Nxd5 $2 Bc6 31. Ne3 Ne6 32. Nc2 $4 (32. Rd1 $11) 32... Qd5 33. Qf3 {
Diagram [#]} Qxf3 $6 (33... Nxf4 $1 34. Qxd5 Nxh3+ 35. Kg2 Bxd5+ 36. Kxh3 $19)
34. Rhxf3 Bxf3 35. Rxf3 Rb7 36. Be3 $6 (36. Kf2) 36... Rd8 (36... Rc7 37. Bd4
Nxd4 38. cxd4 Ra2) 37. Be2 Rc8 38. Nd4 Nxd4 39. Bxd4 Ra8 40. Rf2 Rd8 41. Kg2
Bf8 42. Bf3 Rbb8 43. Ra2 Bxb4 44. Ba7 Bxc3 45. Bxb8 Rxb8 46. Ra8 Rxa8 47. Bxa8
{draw offer} h6 48. Kf3 Kf8 49. Bd5 Ke7 50. h4 g5 51. hxg5 hxg5 52. fxg5 {
draw offer} Bxe5 53. Bb3 Kf8 54. Be6 f4 55. Ke4 Bd6 56. g6 Kg7 57. Bf7 b4 58.
Kf3 1/2-1/2

[Event "Mechanics' Fall TNM; G/2"]
[Site "San Francisco"]
[Date "2015.11.03"]
[Round "3.29"]
[White "Sherwood, Peter"]
[Black "Rudyak, Felix"]
[Result "1-0"]
[WhiteElo "1633"]
[BlackElo "2010"]
[PlyCount "83"]
[EventDate "2015.??.??"]

1. e4 c5 2. Nf3 d6 3. d4 cxd4 4. Nxd4 Nf6 5. Nc3 a6 6. Be3 e5 7. Nb3 Be7 8. Qd2
Be6 9. f3 O-O 10. g4 Nbd7 11. g5 Ne8 12. Nd5 Bxd5 13. exd5 Rc8 14. O-O-O Nc5
15. Nxc5 dxc5 16. h4 c4 17. c3 b5 18. Bh3 Nd6 $6 19. Bxc8 Qxc8 20. Qh2 b4 21.
Qxe5 Re8 22. Bd4 Bf8 23. Qh2 bxc3 24. Bxc3 Nb5 25. Qd2 Qf5 26. Rhe1 Rd8 27. a4
Nc7 28. Qe2 Bd6 $2 29. Be5 Bxe5 30. Qxe5 Qc8 31. Re4 Na8 32. d6 c3 33. Qxc3 Qd7
34. Rc4 Nb6 35. Rc7 Qxa4 36. b3 Qxh4 37. Qc5 Qf4+ 38. Kb2 Na4+ (38... Nd7 $4
39. Rxd7) 39. bxa4 Rb8+ 40. Kc3 Qxf3+ 41. Rd3 Qg4 42. d7 1-0

[Event "Mechanics' Fall TNM; G/2"]
[Site "San Francisco"]
[Date "2015.11.17"]
[Round "5.26"]
[White "Sherwood, Peter"]
[Black "Starr, Albert Mart"]
[Result "0-1"]
[WhiteElo "1633"]
[BlackElo "1500"]
[Annotator "Donaldson"]
[PlyCount "60"]
[EventDate "2015.??.??"]

1. e4 e5 2. Nf3 Nf6 3. Nxe5 d6 4. Nf3 Nxe4 5. d4 d5 6. Bd3 Bg4 7. c4 $6 (7. O-O
) 7... Bb4+ 8. Nbd2 $6 (8. Kf1) 8... Bxd2+ 9. Bxd2 Nxd2 10. Kxd2 $2 (10. Qxd2
Bxf3 11. Qe3+ Qe7 12. gxf3) 10... O-O 11. h3 Bh5 12. g4 Bg6 13. Qc2 Bxd3 14.
Qxd3 dxc4 15. Qxc4 Nc6 16. Rad1 Qf6 17. Qc3 Rad8 18. Kc1 Rfe8 19. Rd2 Qf4 20.
Rhd1 Re2 21. Kb1 Rxd2 22. Rxd2 h6 23. Qe3 Qf6 24. a3 b6 25. Ne5 Ne7 26. f4 Nd5
27. Qg1 Qxf4 28. Rd3 c5 29. Nf3 Qe4 30. Qd1 c4 0-1

[Event "Mechanics' Leighton Allen TNM; G/2"]
[Site "San Francisco"]
[Date "2015.08.04"]
[Round "1.4"]
[White "Sherwood, Peter"]
[Black "Thornally, Frank"]
[Result "0-1"]
[WhiteElo "1633"]
[BlackElo "2200"]
[Annotator "Donaldson"]
[PlyCount "70"]
[EventDate "2015.??.??"]

1. e4 e5 2. Nf3 Nc6 3. Bb5 a6 4. Ba4 Nf6 5. O-O Nxe4 6. d4 b5 7. Bb3 d5 8. dxe5
Be6 9. Re1 Be7 10. Nbd2 Nc5 11. Qe2 (11. c3 d4) 11... O-O 12. c3 Bf5 13. Nd4
Nxd4 14. cxd4 Ne6 15. Nf3 Bg4 16. Qd3 (16. Be3 $11) 16... Bxf3 17. gxf3 Bg5 18.
Kh1 (18. Be3 Bf4 $15 (18... Bxe3 19. fxe3 $11)) 18... Bf4 19. Rg1 Qh4 20. Rg2
Rad8 21. Bd2 f6 (21... Bxd2 22. Qxd2 Qxd4) 22. Re1 fxe5 23. dxe5 Kh8 24. Bc2 c5
25. Qe2 Nd4 26. Qd3 Bxd2 27. Qxd2 Nxf3 28. Qe2 Nxe1 29. Qxe1 d4 30. e6 Rfe8 31.
Qe2 c4 32. Bf5 d3 33. Qd2 Rd4 34. Rg3 Qf4 35. Qxf4 Rxf4 0-1

[Event "Mechanics' Winter TNM; 30/90, SD/30"]
[Site "San Francisco"]
[Date "2015.02.03"]
[Round "5.18"]
[White "Sherwood, Peter"]
[Black "Uzzaman, Ashik"]
[Result "1-0"]
[WhiteElo "1669"]
[BlackElo "1938"]
[Annotator "Donaldson"]
[PlyCount "117"]
[EventDate "2015.??.??"]

1. e4 c5 2. Nf3 g6 3. d4 cxd4 4. Nxd4 Nc6 5. Nc3 Bg7 6. Be3 Nf6 7. Bc4 (7. f3
O-O 8. Qd2 $2 d5 {leaves Black a tempo up over the regular Dragon.}) 7... O-O
8. Bb3 {Move order is important.} (8. f3 Qb6 9. Bb3 Nxe4 $1) 8... a5 (8... Qb6
$2 9. Ne6 $1 $16) 9. O-O (9. f3 d5 {the Uogele variation} 10. exd5 Nb4 11. Nde2
a4 12. Nxa4 Nfxd5 {has done well for Black. The text, ignoring the threat to
the e-pawn, is the main line today.}) 9... a4 (9... d6 {is another approach.})
10. Nxa4 Nxe4 11. c4 {White's idea is Qe2, Rad1, Rfe1 and a well-timed c4-c5
putting pressure on Black's center.} d6 12. Re1 Nf6 13. Nb5 (13. Qe2) 13... Ra6
14. a3 {White wants to preserve his king bishop.} (14. Qe2 Na5 15. Rad1 Nxb3
16. axb3 {was another way to play.}) 14... Ng4 15. Bg5 Be6 $2 16. h3 (16. Rxe6
$1 Nxf2 17. Kxf2 fxe6+ 18. Kg1 {
the two pieces are stronger than a rook and a couple of pawns.}) 16... Nge5 17.
Qe2 $6 (17. c5) 17... Na5 18. Ba2 Naxc4 $1 19. Nac3 h6 20. Bf4 Qb6 21. Rad1 Na5
$6 (21... Rc8) 22. Nd5 Bxd5 23. Bxd5 Nac6 24. Be4 Ra5 25. Nc3 (25. Rd5) 25...
Nd4 $1 26. Qe3 Nc4 27. Qg3 Qxb2 {Black should be winning, but the position is
still tricky. White succeds in turning the tables.} 28. Bc1 Qb6 29. Nd5 Qd8 30.
Bxh6 Rxd5 $2 (30... Bxh6 $1 31. Rxd4 e6) 31. Bxd5 Nf5 {Diagram #} 32. Qxg6 $1
e6 33. Bxe6 fxe6 34. Qxe6+ Rf7 35. Bxg7 Nxa3 36. Bb2 Ng7 37. Qxd6 Qxd6 38. Rxd6
Nc4 39. Rd8+ Kh7 40. Bxg7 Kxg7 41. Re4 b5 42. Rg4+ Kf6 43. Rf4+ Ke7 44. Rxf7+
Kxf7 45. Rd5 Na3 46. Kf1 Ke6 47. Rd3 Nc4 48. Ke2 Ke5 49. Rb3 Nd6 50. g3 Ke4 51.
Rb4+ Kd5 52. h4 Kc5 53. Rb2 b4 54. Kd3 Kb5 55. h5 Ka4 56. h6 Ka3 57. Kc2 Nf5
58. h7 Nd4+ 59. Kb1 1-0

[Event "Mechanics' Summer TNM; G/2"]
[Site "San Francisco"]
[Date "2015.06.02"]
[Round "2.15"]
[White "Sherwood, Peter"]
[Black "Zhao, Art"]
[Result "0-1"]
[WhiteElo "1698"]
[BlackElo "2208"]
[PlyCount "68"]
[EventDate "2015.??.??"]

1. e4 c5 2. Nf3 d6 3. d4 cxd4 4. Nxd4 Nf6 5. Nc3 Nc6 6. Be3 e6 7. Qd2 a6 8. f3
Qc7 9. h4 b5 10. Nxc6 Qxc6 11. O-O-O Bb7 12. Bf4 b4 13. Ne2 e5 14. Bg5 Rc8 15.
Kb1 a5 16. Ng3 a4 17. Bd3 d5 18. Bxf6 gxf6 19. exd5 Qxd5 20. Be4 Qxd2 21. Rxd2
Bxe4 22. Nxe4 Be7 23. Nd6+ Bxd6 24. Rxd6 Ke7 25. Rhd1 Rhg8 26. g4 e4 27. R6d4
exf3 28. Re1+ Kf8 29. Rf1 h5 30. gxh5 Rg2 31. Rxb4 f2 32. Rf4 Re8 33. Rd1 Rg1
34. Kc1 Ree1 0-1